000 00719nam a2200253 i 4500
003 DO-SdBNP
005 20240715112532.0
007 ta
008 240705b2001 cr ||||| |||| 00| 0 spa d
040 _aDO-SdBNP
_bspa
_cBNPHU
_erda
082 4 _222
_bD545
100 _984915
245 1 _aDiccionario castellano logos :
_bnuevo diccionario castellano
264 _aSanto Domingo :
_bSusaeta,
_cfecha no identificada
300 _a495 páginas ;
_c20 cm.
336 _2rdacontent
_atexto
_btxt
337 _2rdamedia
_asin mediación
_bn
338 _2rdacarrier
_avolumen
_bnc
500 _a25,000 voces, 40,000 acepciones
590 _aInventariado, 2024/DG
700 _984915
910 _aDG
942 _2ddc
_cLBS1
999 _c57296
_d57296